Výber leasingovej spoločnosti

Zhodnotenie leasingových spoločností. Výber leasingovej spoločnosti podľa finančných podmienok. Dôležité otázky pri posudzovaní a analýze leasingovej spoločnosti.

Salvato in:
Dettagli Bibliografici
Autore principale: Jánoš, Daniel
Natura: Capitolo di libro
Lingua:slovacco
Soggetti:
Tags: Aggiungi Tag
Nessun Tag, puoi essere il primo ad aggiungerne!!

MARC

LEADER 00000naa a2200000 4500
001 r034897
005 20230926081359.9
041 0 |a slo 
044 |a SK 
245 1 0 |a Výber leasingovej spoločnosti  |c Daniel Jánoš 
520 |a Zhodnotenie leasingových spoločností. Výber leasingovej spoločnosti podľa finančných podmienok. Dôležité otázky pri posudzovaní a analýze leasingovej spoločnosti. 
610 2 0 |a spoločnosti lízingové 
610 2 0 |a lízing 
610 2 0 |a ceny 
610 2 0 |a služby 
610 2 0 |a informácie 
610 2 0 |a splátky 
610 2 0 |a analýzy 
100 1 |a Jánoš, Daniel